00654cam a22002413a 45000010005000000030006000050050017000110080041000280400015000690420007000840500007000911000034000982450064001322600029001965060030002255160020002556530018002756530014002936530022003076530014003298300028003438560041003714776PGUSA20140828083108.0031201s2003||||xxu|||||s|||||000 | eng d aPGUSAbeng adc 4aJC1 aRussell, Bertrand,d1872-197010aPolitical Idealsh[electronic resource] /cBertrand Russell bProject Gutenberg,c2003 aPublic domain in the USA. aElectronic text aIndividualism aSocialism aPolitical science aEconomics 0aProject Gutenbergv477640uhttp://www.gutenberg.org/ebooks/4776